Historia de Chile: desde la Prehistoria hasta 1925

Guardat en:
Dades bibliogràfiques
Autors principals: Dupré Luengo, Ernesto (Autor), Rojas Fuentes, Jorge (Autor)
Format: Llibre
Idioma:espanyol
Publicat: Santiago Vicens Vives 2015
Edició:1a. ed
Matèries:
Etiquetes: Afegir etiqueta
Sense etiquetes, Sigues el primer a etiquetar aquest registre!

MARC

LEADER 00000cam a2200000 a 4500
001 UCC0397
003 CL-VaPUC
008 170811e20150000cl |||||||||||||||||spa|d
020 |a 9789568385859 
082 0 4 |a 983  |b DUP  |2 21 
100 0 |a Dupré Luengo, Ernesto  |e author  |9 594349 
700 0 |a Rojas Fuentes, Jorge  |e author  |9 594350 
245 1 0 |a Historia de Chile: desde la Prehistoria hasta 1925 
250 |a 1a. ed 
300 |a 332 p 
942 |c BK 
945 |d 20170811 15:21:00  |a dcastane 
260 |a Santiago  |b Vicens Vives  |c 2015 
650 0 |a Historia de Chile  |9 265473 
650 7 |a PREHISTORIA DE CHILE  |2 CL-VaPUC  |9 543243 
650 7 |a CONQUISTA DE CHILE  |2 CL-VaPUC  |9 268483 
650 0 |a Independencia de Chile  |9 440305 
650 7 |a COLONIALISMO ESPAÑOL  |2 CL-VaPUC  |9 594351 
650 0 |a República  |9 310048 
583 |a last modification  |c 20170811 15:21:00  |k Rodrigo Vera 
999 |c 369248  |d 369246